000 00211nam a22000857a 4500
008 161213b xxu||||| |||| 00| 0 eng d
100 _92035
_aBarratt
245 _aPanchtantra Educative
260 _aNew delhi
_bRPB
_c2007
999 _c4910
_d4910